000 01311nam a2200361 a 4500
001 76812
003 0
005 20241217151328.0
006 m o d |
007 cr cn|||||||||
008 201205r2000 sp |||||s|||||||||||spa d
020 _z9788436239348
035 _a(MiAaPQ)EBC3199140
035 _a(Au-PeEL)EBL3199140
035 _a(CaPaEBR)ebr10560249
035 _a(OCoLC)1010616053
040 _aFlNmELB
_bspa
_cFlNmELB
050 4 _aLB3048.S7
_bL697 2000
080 _a371.67(091)(460)
082 0 4 _a371.320946
_222
245 0 3 _aEl libro escolar, reflejo de intenciones políticas e influencias pedagógicas
_h[recurso electronico] /
_cAlejandro Tiana Ferrer...[et al.].
260 _aMadrid :
_bUniversidad Nacional de Educación a Distancia,
_c2000.
300 _a469 p.
490 0 _aProyecto Manes
533 _aRecurso electrónico. Santa Fe, Arg.: e-libro, 2015. Disponible vía World Wide Web. El acceso puede estar limitado para las bibliotecas afiliadas a e-libro.
650 4 _aLibros de texto
_zEspaña
_xHistoria.
650 4 _aTextbooks
_zSpain
_xHistory.
655 4 _aLibros electrónicos.
700 1 _aTiana Ferrer, Alejandro,
_edir.
710 2 _ae-libro, Corp.
856 4 0 _uhttps://elibro.net/ereader/politecnicointernacional/48348
942 _cLIBROS
999 _c76812
_d76812